000 02822cam a22007215i 4500
001 23581175
005 20250428110739.0
008 240227t20242024gw a b 001 0 eng d
010 _a 2024933452
016 7 _aBD07764246
_2JP-ToKJK
020 _a9783111311012
020 _a3111311015
035 _a(OCoLC)on1446540701
037 _cTB
040 _aAL
_beng
_erda
_cAL
_dAL
041 _2eng
_aeng
042 _alccopycat
084 _aP:3 R4
_qAL
100 1 _aKizilkaya, Semra,
_eauthor.
_9753080
245 1 0 _aAffectedness at the morphosyntax-semantics interface :
_bevidence from differential object marking /
246 3 0 _aEvidence from differential object marking
260 _aBerlin, Germany :
_bDe Gruyter Mouton,
_c2024
264 1 _c[2024]
264 4 _c©2024
300 _axiv, 206p.
_billustrations ;
_c24 cm.
336 _atext
_btxt
_2rdacontent
337 _aunmediated
_bn
_2rdamedia
338 _avolume
_bnc
_2rdacarrier
365 _b109.95
_cEURO
490 1 _aTrends in linguistics. Studies and monographs,
_x1861-4302 ;
_vvolume 387
500 _aRevision of the author's thesis (doctoral).
500 _aCreative commons license: CC-BY-NC-ND.
504 _aIncludes bibliographical references (pages [193]-204) and index.
650 0 _aGrammar, Comparative and general
_xMorphosyntax.
_9753081
650 0 _aSemantics, Comparative.
_9753082
650 0 _aGrammar, Comparative and general
_xSyntax.
_9753083
650 0 _aTurkish language
_xMorphosyntax.
_9753084
650 0 _aTurkish language
_xSemantics.
_9753085
650 0 _aTurkish language
_xSyntax.
_9753086
653 _aLanguage arts & disciplines -- Linguistics -- General
653 _aLanguage arts & disciplines -- Linguistics -- Semantics
653 _aSocial science -- Regional Studies
653 _aSemantics & pragmatics
653 _aGrammar, syntax & morphology
653 _aRegional studies
653 _aDifferenzielle Objektmarkierung
653 _aTürkisch
653 _aTelizität
653 _aDifferential Object Marking
653 _aTurkish
653 _aAffectedness
653 _aTelicity
653 _aEvent Structure
653 _aCase Assignment
653 _aSprachwissenschaft, Literaturwissenschaft -- Allgemeine und Vergleichende Sprachwissenschaft
776 0 8 _z9783111311272
_iPDF
776 0 8 _z9783111311630
_iePub
830 0 _aTrends in linguistics.
_pStudies and monographs ;
_v387.
_x1861-4302
_9753087
906 _a0
_bibc
_ccopycat
_d2
_encip
_f20
_gy-gencatlg
942 _2CC
_cTB
_hP:3 R4
_n0
999 _c1309423
_d1309423